[Event "Ruhrgebiet Verbandsliga1 1112"]
[Site "Nordrheinwestfalen"]
[Date "2011.09.18"]
[Round "1.3"]
[White "Trzaska, Peter"]
[Black "Dargel, Manuel"]
[Result "1/2-1/2"]
[WhiteElo "2052"]
[BlackElo "2149"]
[PlyCount "43"]
[EventDate "2012.09.18"]
[EventType "team-tourn"]
[EventRounds "9"]
[EventCountry "GER"]
[SourceTitle "EXT 2020"]
[Source "ChessBase"]
[SourceDate "2019.10.17"]
[SourceVersion "1"]
[SourceVersionDate "2019.10.17"]
[SourceQuality "1"]
[WhiteTeam "Herne Sodingen II"]
[BlackTeam "Koenigsspringer Hamm"]
[WhiteTeamCountry "GER"]
[BlackTeamCountry "GER"]

1. c4 e6 2. Nf3 d5 3. cxd5 exd5 4. d4 Nf6 5. g3 Be7 6. Bg2 0-0 7. Nc3 c6 8. 0-0 Re8 9. b3 h6 10. Bb2 Bf5 11. Qc1 Nbd7 12. Ba3 Ne4 13. Bxe7 Qxe7 14. Nxe4 dxe4 15. Nd2 c5 16. dxc5 Nxc5 17. Nc4 Bg4 18. Qe3 b5 19. Na5 Rac8 20. Rac1 Qg5 21. Qxg5 hxg5 22. Rc2 1/2-1/2